<?xml version="1.0" encoding="UTF-8"?>
<record
    xmlns:xsi="http://www.w3.org/2001/XMLSchema-instance"
    xsi:schemaLocation="http://www.loc.gov/MARC21/slim http://www.loc.gov/standards/marcxml/schema/MARC21slim.xsd"
    xmlns="http://www.loc.gov/MARC21/slim">

  <leader>00746aam a2200229uu 4500</leader>
  <datafield tag="999" ind1=" " ind2=" ">
    <subfield code="c">8530</subfield>
    <subfield code="d">8530</subfield>
  </datafield>
  <controlfield tag="001">WIIW0000103</controlfield>
  <controlfield tag="003">OSt</controlfield>
  <controlfield tag="005">20180823130144.0</controlfield>
  <controlfield tag="008">180823s1975       ||||| |||| ||| ||eng d</controlfield>
  <datafield tag="020" ind1=" " ind2=" ">
    <subfield code="a">0-87332-050-6</subfield>
  </datafield>
  <datafield tag="040" ind1=" " ind2=" ">
    <subfield code="c">OSt</subfield>
  </datafield>
  <datafield tag="041" ind1=" " ind2=" ">
    <subfield code="a">eng</subfield>
  </datafield>
  <datafield tag="245" ind1="0" ind2="0">
    <subfield code="a">Self-governing socialism.</subfield>
    <subfield code="b">A reader</subfield>
    <subfield code="n">Vol. 1</subfield>
    <subfield code="p">Historical Development Social and Political Philosophy</subfield>
  </datafield>
  <datafield tag="260" ind1=" " ind2=" ">
    <subfield code="a">White Plains, NY :</subfield>
    <subfield code="b">International Arts and Sciences Press,</subfield>
    <subfield code="c">1975</subfield>
  </datafield>
  <datafield tag="300" ind1=" " ind2=" ">
    <subfield code="a">X, 490 S.</subfield>
  </datafield>
  <datafield tag="700" ind1="1" ind2=" ">
    <subfield code="a">Horvat, Branko</subfield>
    <subfield code="e">ed.</subfield>
  </datafield>
  <datafield tag="700" ind1="1" ind2=" ">
    <subfield code="a">Markovi&#x107;, Mihailo</subfield>
    <subfield code="e">ed.</subfield>
  </datafield>
  <datafield tag="700" ind1="1" ind2=" ">
    <subfield code="a">Supek, Rudi</subfield>
    <subfield code="e">ed.</subfield>
  </datafield>
  <datafield tag="700" ind1="1" ind2=" ">
    <subfield code="a">Kramer, Helen</subfield>
    <subfield code="e">ed.</subfield>
  </datafield>
  <datafield tag="773" ind1="0" ind2=" ">
    <subfield code="t">Self-governing socialism.</subfield>
    <subfield code="w">WIIW0000102</subfield>
    <subfield code="d">White Plains, NY : International Arts and Sciences Press</subfield>
    <subfield code="g">1</subfield>
  </datafield>
  <datafield tag="942" ind1=" " ind2=" ">
    <subfield code="c">B</subfield>
  </datafield>
  <datafield tag="952" ind1=" " ind2=" ">
    <subfield code="0">0</subfield>
    <subfield code="1">0</subfield>
    <subfield code="4">0</subfield>
    <subfield code="7">0</subfield>
    <subfield code="a">BIB</subfield>
    <subfield code="b">BIB</subfield>
    <subfield code="c">2</subfield>
    <subfield code="d">1978-02-27</subfield>
    <subfield code="l">0</subfield>
    <subfield code="o">I-847/1</subfield>
    <subfield code="p">2000000006444</subfield>
    <subfield code="r">2018-08-23 00:00:00</subfield>
    <subfield code="w">2018-08-23</subfield>
    <subfield code="y">B</subfield>
  </datafield>
</record>
